| 000 | 00670nam a2200217Ii 4500 | ||
|---|---|---|---|
| 003 | JO-AjNU | ||
| 008 | 230606s9999||||xx |||||||||||||| ||und|| | ||
| 020 | _a978-0-07-066029-8/0-07-066029-8 | ||
| 040 |
_aJO-AjNU _beng _erda _cJO-AjNU |
||
| 041 | _aeng | ||
| 050 | 1 | 4 | _aHD30.23.2008 |
| 100 | 3 |
_aSrivastava,T N/Shailaja Rego, _eauthor _91294 |
|
| 245 | 0 | 0 | _aSTATISTICS FOR MANAGEMENT |
| 250 | _a1 ed | ||
| 264 | 3 | 1 | _aNEW DELHI:Tata McGraw-Hill Publishing Company Limited |
| 300 |
_a1921p _bA Tool for Statistical Analysis |
||
| 336 |
_atext _btxt _2rdacontent |
||
| 337 |
_aunmediated _bn _2rdamedia |
||
| 338 |
_avolume _bnc _2rdacarrier |
||
| 650 | 4 |
_amanagement _91295 |
|
| 999 |
_aE681 _c681 _d681 |
||